00574nam a2200205 a 4500001001300000003000900013005001700022008004100039020000900080082001600089245002100105260004400126300000800170500003500178710002700213902000800240942000700248952009600255999001700351nice12345678IN_TiNIC20260116014244.0080421s2000 hyda grd 000 0 eng  ac6000a303.66bHEN aAman Shanti (CD) aHyderabadbHenry Martyn Institutec2000 a00p aincludes index and biblioraphy2 aHenry Martyn Institute bSRC cND 00104070aHMIbHMId2008-12-02g60.00l0o303.66 HENp022365r2008-12-02w2026-01-16yVM c14536d14536